[Event "ICS Rated blitz match"]
[Site "207.99.83.229"]
[Date "1999.07.17"]
[Round "?"]
[White "Hossa"]
[Black "Reptilicus"]
[Result "0-1"]
[WhiteElo "2403"]
[BlackElo "2175"]
[PlyCount "146"]
[EventDate "1999.??.??"]

1. d4 Nf6 2. c4 c5 3. d5 b5 4. Nc3 b4 5. Na4 d6 6. Nf3 g6 7. a3 a5 8. Bf4 Nbd7
9. axb4 axb4 10. e3 Bg7 11. Be2 O-O 12. O-O Ng4 13. Ng5 Nge5 14. Qd2 Bb7 15.
Kh1 Nb6 16. Nxb6 Qxb6 17. Bg3 Rxa1 18. Rxa1 Ra8 19. Rxa8+ Bxa8 20. f4 Nd7 21.
f5 Qa5 22. fxg6 hxg6 23. b3 Qa1+ 24. Bd1 Bb7 25. Qe2 Ne5 26. Qf1 Bf6 27. Bf4
Qc3 28. Ne4 Qa1 29. Nxf6+ exf6 30. Kg1 Bc8 31. h3 Kg7 32. h4 Bf5 33. g4 Be4 34.
h5 g5 35. Bg3 Qc1 36. Kf2 Bc2 37. Be2 Qxf1+ 38. Kxf1 Bxb3 39. Bxe5 fxe5 40. Ke1
Bc2 41. Kd2 Be4 42. Kc1 f5 43. Kd2 Kh6 44. Kc1 Kg7 45. Kd2 Kf6 46. Bd1 fxg4 47.
Bxg4 Bf5 48. Bd1 g4 49. Ba4 Kg5 50. e4 Bxe4 51. Ke3 Bf5 52. Kf2 Kxh5 53. Kg3
Kg5 54. Bd1 Bd3 55. Bb3 Kf5 56. Kg2 Kf4 57. Kf2 g3+ 58. Kg2 Be4+ 59. Kg1 Ke3
60. Kf1 Kd3 61. Ba4 Kc3 62. Ke2 g2 63. Kf2 b3 64. Bxb3 Kxb3 65. Kg1 Kxc4 66.
Kh2 Kxd5 67. Kg1 c4 68. Kf2 c3 69. Ke2 c2 70. Kd2 g1=Q 71. Kc3 c1=Q+ 72. Kb4
Qb2+ 73. Ka4 73... Qga1# {Hossa checkmated} 0-1

[Event "ICS Rated blitz match"]
[Site "207.99.83.229"]
[Date "1999.07.17"]
[Round "?"]
[White "Hossa"]
[Black "occam"]
[Result "0-1"]
[WhiteElo "2378"]
[BlackElo "2264"]
[PlyCount "131"]
[EventDate "1999.??.??"]

1. d4 d5 2. c4 c6 3. Nc3 dxc4 4. e3 Be6 5. Nf3 Nf6 6. Ng5 Qd7 7. Be2 Bg4 8. f3
Be6 9. O-O b5 10. Nce4 Bf5 11. Nc5 Qc7 12. e4 Bg6 13. e5 h6 14. Nge6 fxe6 15.
exf6 exf6 16. Nxe6 Qd7 17. Nxf8 Kxf8 18. Be3 Na6 19. a4 Nb4 20. Qd2 Nc2 21.
Rac1 Nxe3 22. Qxe3 Re8 23. Qf2 Bd3 24. Bxd3 cxd3 25. axb5 cxb5 26. Rfe1 Rxe1+
27. Rxe1 Kf7 28. Rd1 Rc8 29. Qe3 Rc2 30. b3 Qf5 31. Qxd3 Qxd3 32. Rxd3 a5 33.
d5 Ke7 34. d6+ Kd7 35. Rd5 a4 36. bxa4 bxa4 37. Rd3 Rc6 38. Ra3 Ra6 39. f4 Kxd6
40. Rd3+ Ke6 41. Re3+ Kf5 42. g3 a3 43. Re1 a2 44. Ra1 g5 45. fxg5 hxg5 46. h3
Kg6 47. Kf2 Ra3 48. Kg2 f5 49. Kf2 Kh6 50. Kg2 f4 51. gxf4 gxf4 52. Kg1 Kg5 53.
Kg2 Kh4 54. Kh2 Rxh3+ 55. Kg1 Ra3 56. Kg2 f3+ 57. Kf2 Kg4 58. Rg1+ Kf5 59. Re1
a1=Q 60. Rxa1 Rxa1 61. Kxf3 Ra3+ 62. Ke2 Ra2+ 63. Kd3 Kf4 64. Kc4 Ke5 65. Kb3
Rf2 66. Kc3 {Hossa resigns} 0-1

[Event "ICS rated blitz match"]
[Site "207.99.83.229"]
[Date "1999.07.17"]
[Round "?"]
[White "occam"]
[Black "Hossa"]
[Result "1-0"]
[WhiteElo "2285"]
[BlackElo "2357"]
[PlyCount "99"]
[EventDate "1999.??.??"]

1. d4 d5 2. Nf3 Nf6 3. e3 c5 4. dxc5 Bg4 5. h3 Bd7 6. c4 Na6 7. cxd5 Nxc5 8.
Nc3 Qa5 9. Bd2 Rc8 10. a3 Qb6 11. b4 Nce4 12. Nxe4 Nxe4 13. Rc1 Rxc1 14. Bxc1
Qd6 15. Qd4 Qc7 16. Bb2 Qc2 17. Be2 Ba4 18. O-O Qxe2 19. Qxa7 f6 20. Qxa4+ Kf7
21. Bd4 b5 22. Qa6 Nd6 23. Bc5 Qa2 24. e4 Qc4 25. e5 Ne4 26. Qe6+ Ke8 27. Qc6+
Kf7 28. e6+ Kg6 29. Qe8+ Kh6 30. Bxe7 Bxe7 31. Qxh8 Qxd5 32. Qg8 Qa2 33. Qf7
Bd6 34. Nd4 Qd5 35. Qa7 Qe5 36. f4 Qd5 37. g4 Ng3 38. Re1 Bxf4 39. Qd7 Qh1+ 40.
Kf2 Qxh3 41. Qc6 Be5 42. Nf3 Nf5 43. Qc1+ Kg6 44. gxf5+ Kxf5 45. Qc2+ Kg4 46.
Qe4+ Bf4 47. Rg1+ Qg2+ 48. Rxg2+ Kh5 49. Qf5+ g5 50. Qxh7# {Hossa checkmated}
1-0

[Event "ICS rated blitz match"]
[Site "207.99.83.229"]
[Date "1999.07.17"]
[Round "?"]
[White "Hossa"]
[Black "bugsoup"]
[Result "0-1"]
[WhiteElo "2346"]
[BlackElo "2015"]
[PlyCount "104"]
[EventDate "1999.??.??"]

1. d4 d5 2. c4 e6 3. Nc3 Be7 4. Bf4 Nf6 5. e3 c6 6. Qd2 O-O 7. O-O-O a6 8. Bd3
b5 9. c5 b4 10. Na4 a5 11. Nb6 Ra7 12. Bxb8 Rb7 13. Be5 Ng4 14. Nxc8 Qxc8 15.
Qc2 Nxe5 16. Bxh7+ Kh8 17. dxe5 g6 18. Bxg6 fxg6 19. Qxg6 Bxc5 20. Nf3 Rg7 21.
Qh6+ Rh7 22. Qg5 Be7 23. Qg6 Rg8 24. Qd3 c5 25. Qf1 c4 26. Nd4 a4 27. e4 b3 28.
Kb1 bxa2+ 29. Kxa2 a3 30. exd5 exd5 31. bxa3 Qa6 32. Nc2 Bxa3 33. Nxa3 Ra8 34.
Rd3 cxd3 35. Qc1 Rha7 36. e6 Qc4+ 37. Qxc4 dxc4 38. Rd1 Rxa3+ 39. Kb1 Rb3+ 40.
Kc1 Re8 41. Re1 Kg7 42. Re4 c3 43. e7 Ra3 44. Rg4+ Kf7 45. Rf4+ Kxe7 46. Re4+
Kf6 47. Rf4+ Kg5 48. Rg4+ Kxg4 49. f3+ Kg5 50. h4+ Kf4 51. g3+ Kxg3 52. h5
52... Ra1# {Hossa checkmated} 0-1

[Event "ICS rated blitz match"]
[Site "207.99.83.229"]
[Date "1999.07.17"]
[Round "?"]
[White "NoRegrets"]
[Black "Hossa"]
[Result "0-1"]
[WhiteElo "2034"]
[BlackElo "2318"]
[PlyCount "44"]
[EventDate "1999.??.??"]

1. d4 d5 2. c4 e6 3. Nc3 Nf6 4. cxd5 exd5 5. Bg5 c6 6. Qc2 Be7 7. e3 Nbd7 8.
Bd3 Nh5 9. Bxe7 Qxe7 10. Nge2 g6 11. Ng3 Nhf6 12. O-O O-O 13. Rae1 Ng4 14. h3
Ngf6 15. e4 Qb4 16. e5 Ne8 17. Nce2 Nc7 18. a3 Qb6 19. Qd2 Ne6 20. Bb1 f6 21.
exf6 Nxf6 22. Nf4 22... Qxd4 {NoRegrets resigns} 0-1

[Event "ICS rated blitz match"]
[Site "207.99.83.229"]
[Date "1999.07.17"]
[Round "?"]
[White "Hossa"]
[Black "brodiem"]
[Result "1-0"]
[WhiteElo "2323"]
[BlackElo "2002"]
[PlyCount "35"]
[EventDate "1999.??.??"]

1. d4 Nf6 2. c4 e6 3. Nc3 Bb4 4. Bg5 h6 5. Bh4 c5 6. d5 Bxc3+ 7. bxc3 d6 8.
Qa4+ Bd7 9. Qb3 b6 10. O-O-O e5 11. e4 g5 12. Bg3 Na6 13. Bd3 Nh5 14. Ne2 Nc7
15. f3 a6 16. Qxb6 Ba4 17. Bc2 Bd7 18. Qxd6 {brodiem resigns} 1-0

[Event "ICS rated blitz match"]
[Site "207.99.83.229"]
[Date "1999.07.17"]
[Round "?"]
[White "Hossa"]
[Black "Talmoves"]
[Result "0-1"]
[WhiteElo "2332"]
[BlackElo "2655"]
[PlyCount "52"]
[EventDate "1999.??.??"]

1. d4 Nf6 2. c4 e6 3. Nc3 Bb4 4. Bg5 h6 5. Bh4 c5 6. d5 d6 7. Rc1 e5 8. a3
Bxc3+ 9. Rxc3 g5 10. Bg3 Ne4 11. Re3 Qa5+ 12. b4 cxb4 13. Qc1 bxa3+ 14. Kd1 a2
15. Ra3 Qb4 16. Nf3 Bd7 17. Ne1 Ba4+ 18. Rxa4 Qxa4+ 19. Nc2 Na6 20. Bxe5 dxe5
21. Qa1 Nb4 22. Qxe5+ Kd8 23. Qxe4 a1=Q+ 24. Kd2 Nxc2 25. e3 Qe1+ 26. Kd3 26...
Qb3# {Hossa checkmated} 0-1

[Event "ICS rated blitz match"]
[Site "207.99.83.229"]
[Date "1999.07.17"]
[Round "?"]
[White "efaddin"]
[Black "Hossa"]
[Result "0-1"]
[WhiteElo "2286"]
[BlackElo "2328"]
[PlyCount "132"]
[EventDate "1999.??.??"]

1. e4 Nf6 2. d3 e5 3. Nd2 Be7 4. g3 Nc6 5. Bg2 d5 6. Ngf3 O-O 7. O-O Bg4 8. h3
Bh5 9. Qe1 Qd6 10. Nh4 Nd4 11. Nf5 Nxc2 12. Nxd6 Bxd6 13. exd5 Nxe1 14. Rxe1
Nd7 15. Ne4 Bb4 16. Bd2 Be7 17. Rac1 Rfc8 18. Nc3 Bc5 19. Nb5 a6 20. Na3 Rab8
21. Nc4 f6 22. a4 Bg6 23. Be4 Bf8 24. Bxg6 hxg6 25. b4 b5 26. axb5 Rxb5 27. d6
cxd6 28. Ne3 Rxc1 29. Rxc1 d5 30. Rc6 Bxb4 31. Bxb4 Rxb4 32. Rxa6 d4 33. Nc4
Nc5 34. Ra8+ Kh7 35. Nd6 Nxd3 36. h4 Rb1+ 37. Kg2 Rb2 38. Nf7 g5 39. hxg5 Rxf2+
40. Kg1 Kg6 41. Nd6 fxg5 42. Ra6 Rf6 43. Ra3 Rxd6 44. Rxd3 Rf6 45. Kg2 Kf5 46.
Rd1 Ke6 47. g4 Rf4 48. Kg3 Rf7 49. Ra1 Kd5 50. Ra5+ Ke4 51. Ra4 Rf3+ 52. Kg2
Kf4 53. Ra5 Rg3+ 54. Kf2 Rxg4 55. Ra7 g6 56. Ra6 Kf5 57. Ra5 Rf4+ 58. Ke2 g4
59. Ra8 g3 60. Rf8+ Kg5 61. Re8 g2 62. Rxe5+ Kf6 63. Ra5 g1=Q 64. Ra6+ Ke5 65.
Ra5+ Ke4 66. Kd2 66... Rf2# {efaddin checkmated} 0-1

[Event "ICS rated blitz match"]
[Site "207.99.83.229"]
[Date "1999.07.17"]
[Round "?"]
[White "Hossa"]
[Black "efaddin"]
[Result "1-0"]
[WhiteElo "2346"]
[BlackElo "2251"]
[PlyCount "81"]
[EventDate "1999.??.??"]

1. d4 Nf6 2. c4 e5 3. d5 Bc5 4. e3 d6 5. Nc3 c6 6. Bd3 cxd5 7. cxd5 O-O 8. Nge2
a6 9. O-O Bg4 10. Bd2 Nbd7 11. Rc1 Ne8 12. f3 Bh5 13. Qb3 b5 14. Bf5 Bg6 15.
Bxg6 hxg6 16. f4 f5 17. Rc2 Nef6 18. fxe5 Nxe5 19. Nf4 Qe7 20. Ne6 Rfc8 21.
Nxc5 Rxc5 22. Kh1 Nfg4 23. h3 Qh4 24. Be1 Qh5 25. Nd1 Rac8 26. Rxc5 Rxc5 27.
Bb4 Rc4 28. Bxd6 Nf7 29. Bf4 Nf6 30. Qd3 Ne4 31. d6 g5 32. Bh2 g4 33. Qd5 gxh3
34. Rxf5 hxg2+ 35. Kg1 Neg5 36. d7 Nh3+ 37. Kxg2 Rc2+ 38. Kg3 Qg6+ 39. Kxh3
Qg2+ 40. Qxg2 Rxg2 41. Kxg2 {efaddin resigns} 1-0

[Event "ICS rated blitz match"]
[Site "207.99.83.229"]
[Date "1999.07.17"]
[Round "?"]
[White "efaddin"]
[Black "Hossa"]
[Result "0-1"]
[WhiteElo "2239"]
[BlackElo "2358"]
[PlyCount "58"]
[EventDate "1999.??.??"]

1. e4 Nf6 2. Nc3 d6 3. d4 Nbd7 4. Nf3 e5 5. Bc4 Be7 6. a4 O-O 7. O-O exd4 8.
Nxd4 Nb6 9. Bb3 Nbd7 10. Re1 Nc5 11. Bc4 Ng4 12. b4 Ne5 13. Bf1 Ne6 14. Nf5 Bf6
15. Nd5 Nf3+ 16. Qxf3 Bxa1 17. c3 Kh8 18. Bd2 Bb2 19. Rb1 Ba3 20. Rb3 c6 21.
Nde3 g6 22. Rxa3 Ng5 23. Qf4 gxf5 24. exf5 Re8 25. f6 Ne4 26. Ng4 Bxg4 27. Bd3
Nxd2 28. Qh6 Re1+ 29. Bf1 29... Rxf1# {efaddin checkmated} 0-1

[Event "ICS rated blitz match"]
[Site "207.99.83.229"]
[Date "1999.07.17"]
[Round "?"]
[White "Fantaman"]
[Black "Hossa"]
[Result "0-1"]
[WhiteElo "2075"]
[BlackElo "2369"]
[PlyCount "30"]
[EventDate "1999.??.??"]

1. e4 Nf6 2. e5 Nd5 3. c4 Nb6 4. d4 d6 5. exd6 Qxd6 6. c5 Qe6+ 7. Be2 Nd5 8.
Nf3 Nc6 9. O-O Bd7 10. Re1 O-O-O 11. Bc4 Qf5 12. Ne5 Be8 13. Nc3 Nxc3 14. bxc3
Nxe5 15. Rxe5 15... Qxe5 {Fantaman resigns} 0-1

[Event "ICS rated blitz match"]
[Site "207.99.83.229"]
[Date "1999.07.17"]
[Round "?"]
[White "Hossa"]
[Black "pjwlscht"]
[Result "1-0"]
[WhiteElo "2374"]
[BlackElo "2416"]
[PlyCount "97"]
[EventDate "1999.??.??"]

1. d4 e6 2. c4 f5 3. Nc3 Nf6 4. e3 Be7 5. Bd3 O-O 6. Nge2 d5 7. cxd5 exd5 8.
O-O c6 9. Bd2 Bd6 10. f3 Qe7 11. Qe1 Nbd7 12. Qh4 g6 13. Nf4 Nb6 14. Qh6 Qg7
15. Qg5 Be7 16. Qg3 Bd7 17. Rac1 Bd6 18. Qg5 Be7 19. Qg3 Bd6 20. Bc2 Rae8 21.
b3 Nc8 22. Qg5 Be7 23. Qg3 Bd6 24. Qf2 Kh8 25. Nd3 Re7 26. Ne5 Bxe5 27. dxe5
Rxe5 28. Qg3 Ree8 29. Qf4 Nh5 30. Qb4 b6 31. Ne2 Qe7 32. Qd4+ Qe5 33. Qxe5+
Rxe5 34. Bc3 Rfe8 35. f4 Kg8 36. fxe5 Be6 37. Nd4 c5 38. Nxe6 Rxe6 39. Bd1 Ng7
40. Bf3 Kf8 41. Bxd5 Re8 42. Rcd1 Ne7 43. Bc4 Nc6 44. Rd6 Nxe5 45. Rf6+ Ke7 46.
Bxe5 Nh5 47. Rf7+ Kd8 48. Rd1+ Kc8 49. Ba6# {pjwlscht checkmated} 1-0

[Event "ICS rated blitz match"]
[Site "207.99.83.229"]
[Date "1999.07.17"]
[Round "?"]
[White "pjwlscht"]
[Black "Hossa"]
[Result "0-1"]
[WhiteElo "2398"]
[BlackElo "2392"]
[PlyCount "150"]
[EventDate "1999.??.??"]

1. Nf3 Nc6 2. c4 e5 3. Nc3 Nf6 4. e3 Bb4 5. Qc2 O-O 6. Be2 d5 7. cxd5 Nxd5 8.
a3 Bc5 9. b4 Nxc3 10. dxc3 Bd6 11. Bb2 Qf6 12. c4 Bf5 13. e4 Be6 14. c5 Be7 15.
Qc3 Qg6 16. O-O Bh3 17. Ne1 Nd4 18. Bc4 Be6 19. Nc2 Rad8 20. Nxd4 exd4 21. Qd3
Bxc4 22. Qxc4 Qxe4 23. Rfe1 Qh4 24. Rad1 Bf6 25. Rd3 Rfe8 26. Rf1 Qf4 27. Rf3
Qd2 28. Bc1 Qe2 29. Qxe2 Rxe2 30. Rd3 Rde8 31. Bf4 R8e7 32. g3 g5 33. Bc1 h5
34. Kg2 R7e4 35. Rfd1 Kg7 36. R1d2 Re6 37. Bb2 Rxd2 38. Rxd2 Ra6 39. Bxd4 Rxa3
40. Bxf6+ Kxf6 41. Rd7 Ra4 42. b5 Rb4 43. Rxc7 Rxb5 44. c6 bxc6 45. Rxc6+ Kg7
46. Ra6 Rb7 47. Kf3 f6 48. Kg2 Re7 49. Kf3 Kg6 50. Kg2 Kf5 51. Kf3 Ke5 52. Ra5+
Ke6 53. Ra6+ Kf7 54. Kg2 Rd7 55. Kf3 Ke7 56. Ke3 Rb7 57. Ke4 Kf7 58. Kf5 Rb5+
59. Ke4 Re5+ 60. Kf3 g4+ 61. Kf4 Re7 62. Kf5 Kg7 63. Rxf6 Rf7 64. Rxf7+ Kxf7
65. Ke5 Ke7 66. Ke4 Kd6 67. f4 gxf3 68. Kxf3 a5 69. Ke3 Kc5 70. Kd2 Kb4 71. h3
a4 72. g4 a3 73. g5 a2 74. g6 a1=Q 75. g7 75... Qxg7 {pjwlscht resigns} 0-1

[Event "ICS Rated blitz match"]
[Site "207.99.83.229"]
[Date "1999.07.17"]
[Round "?"]
[White "Hossa"]
[Black "matar"]
[Result "0-1"]
[WhiteElo "2408"]
[BlackElo "2157"]
[PlyCount "77"]
[EventDate "1999.??.??"]

1. d4 d5 2. c4 e6 3. Nc3 c6 4. Bg5 Qxg5 5. e3 Qd8 6. Bd3 Nf6 7. cxd5 exd5 8.
Nf3 Bg4 9. Qb3 Qb6 10. Qxb6 axb6 11. O-O Bxf3 12. gxf3 Nbd7 13. e4 Bb4 14. e5
Nh5 15. Bf5 g6 16. Bxd7+ Kxd7 17. Ne2 Ra4 18. a3 Rha8 19. Rad1 Be7 20. Rd3 Bg5
21. Nc3 R4a6 22. Na2 Nf4 23. Rdd1 Ra4 24. Nc3 Rc4 25. Rfe1 Be7 26. Re3 b5 27.
Kh1 b4 28. axb4 Bxb4 29. Ne2 Nxe2 30. Rxe2 Ra2 31. f4 Bc3 32. f5 gxf5 33. Rc1
Bxd4 34. Rxc4 dxc4 35. Rd2 c5 36. Rd1 Rxb2 37. f4 c3 38. Rc1 Rd2 39. e6+ {
Hossa resigns} 0-1

[Event "ICS rated blitz match"]
[Site "207.99.83.229"]
[Date "1999.07.17"]
[Round "?"]
[White "matar"]
[Black "Hossa"]
[Result "0-1"]
[WhiteElo "2183"]
[BlackElo "2382"]
[PlyCount "46"]
[EventDate "1999.??.??"]

1. e4 Nf6 2. e5 Nd5 3. c4 Nb6 4. c5 Nd5 5. Nc3 Nxc3 6. dxc3 Nc6 7. Bf4 e6 8.
Qg4 Qe7 9. O-O-O Qxc5 10. Nf3 Qxf2 11. Bb5 Qb6 12. Ba4 Qa5 13. Bb3 a6 14. Bg3
Rb8 15. Qf4 f6 16. exf6 Ba3 17. f7+ Kf8 18. bxa3 Qxc3+ 19. Kb1 d6 20. Rhf1 e5
21. Qh4 Bf5+ 22. Bc2 Bxc2+ 23. Kc1 23... Be4# {matar checkmated} 0-1

[Event "ICS rated blitz match"]
[Site "207.99.83.229"]
[Date "1999.07.17"]
[Round "?"]
[White "CYBERMEMERE"]
[Black "Hossa"]
[Result "1-0"]
[WhiteElo "2251"]
[BlackElo "2397"]
[PlyCount "86"]
[EventDate "1999.??.??"]

1. e3 Nc6 2. g3 Nf6 3. Bg2 d5 4. h3 e5 5. d3 Be6 6. Nd2 Bd6 7. b3 O-O 8. Bb2
Qd7 9. Ne2 Rae8 10. a3 d4 11. e4 Kh8 12. Nf3 a5 13. Bc1 a4 14. b4 Kg8 15. Bd2
h6 16. Kf1 Nh5 17. Kg1 f5 18. exf5 Bd5 19. g4 Nf6 20. Ng3 e4 21. dxe4 Bxe4 22.
Nxe4 Rxe4 23. Nh4 Ree8 24. Ng6 Rf7 25. Bf3 b5 26. Kg2 Ne5 27. Re1 Nxf3 28. Qxf3
Rxe1 29. Rxe1 c6 30. Bf4 Bxf4 31. Qxf4 Qd5+ 32. Qf3 Qc4 33. Qf4 Kh7 34. Qb8
Qd5+ 35. Kh2 Nxg4+ 36. hxg4 Rxf5 37. gxf5 Qxf5 38. Nf4 h5 39. Qe5 Qxe5 40. Rxe5
g6 41. Nh3 Kg7 42. f4 Kg8 43. Re7 43... h4 {Hossa resigns} 1-0

[Event "ICS rated blitz match"]
[Site "207.99.83.229"]
[Date "1999.07.17"]
[Round "?"]
[White "Hossa"]
[Black "CYBERMEMERE"]
[Result "1-0"]
[WhiteElo "2375"]
[BlackElo "2273"]
[PlyCount "55"]
[EventDate "1999.??.??"]

1. d4 g6 2. c4 Bg7 3. e4 d6 4. Nc3 Nf6 5. f3 e5 6. dxe5 dxe5 7. Qxd8+ Kxd8 8.
Bd3 c6 9. Nge2 Nbd7 10. O-O Bf8 11. Be3 Bc5 12. Bxc5 Nxc5 13. Rad1 Kc7 14. b4
Nxd3 15. Rxd3 Be6 16. c5 a5 17. b5 cxb5 18. Nxb5+ Kc6 19. a4 Kxc5 20. Rc1+ Kb4
21. Rb1+ Kc5 22. Rc3+ Kb6 23. Nc7+ Ka7 24. Rc5 Rac8 25. Rxa5+ Kb8 26. Na6+ Ka7
27. Nc5+ Kb8 28. Rxb7# {CYBERMEMERE checkmated} 1-0

[Event "ICS rated blitz match"]
[Site "207.99.83.229"]
[Date "1999.07.17"]
[Round "?"]
[White "Hossa"]
[Black "pjwlscht"]
[Result "1-0"]
[WhiteElo "2397"]
[BlackElo "2290"]
[PlyCount "73"]
[EventDate "1999.??.??"]

1. d4 f5 2. c4 Nf6 3. Nc3 e6 4. e3 Be7 5. Bd3 O-O 6. Nge2 d5 7. cxd5 exd5 8.
O-O c6 9. Bd2 Bd6 10. f3 Qc7 11. g3 g6 12. Rc1 Qe7 13. Qe1 Nbd7 14. Nf4 g5 15.
Nfe2 h6 16. Bxf5 Nb6 17. Bxc8 Raxc8 18. h4 gxh4 19. gxh4 Kh7 20. Kh1 Rg8 21.
Nf4 Qf7 22. e4 Nh5 23. Nxh5 Qxh5 24. e5 Be7 25. Qf2 Bxh4 26. Qh2 Rg3 27. Be1
Qg5 28. Ne2 Rg8 29. f4 Qg4 30. Nxg3 Bxg3 31. Bxg3 Qxg3 32. Qxg3 Rxg3 33. f5 Nc4
34. Rf2 Ne3 35. Rc3 Rh3+ 36. Kg1 Rg3+ 37. Kh2 {pjwlscht resigns} 1-0

[Event "ICS rated blitz match"]
[Site "207.99.83.229"]
[Date "1999.07.17"]
[Round "?"]
[White "TDChess"]
[Black "Hossa"]
[Result "1-0"]
[WhiteElo "2519"]
[BlackElo "2415"]
[PlyCount "93"]
[EventDate "1999.??.??"]

1. e4 Nf6 2. e5 Nd5 3. c4 Nb6 4. c5 Nd5 5. Nf3 d6 6. d4 dxc5 7. dxc5 e6 8. Qd4
Bd7 9. Be2 Nc6 10. Qg4 f5 11. exf6 Qxf6 12. O-O Bxc5 13. Qc4 Bb6 14. Nbd2 O-O
15. Ne4 Qg6 16. Nh4 Qf7 17. Nc5 Ne5 18. Qc2 Qe7 19. Nxd7 Bxf2+ 20. Rxf2 Rxf2
21. Nxe5 Qxh4 22. Nf3 Rxf3 23. gxf3 Rf8 24. Qe4 Qe1+ 25. Bf1 Qd1 26. Qxe6+ Kh8
27. Qe2 Qd4+ 28. Qf2 Qa4 29. Qc5 Rf5 30. b3 Qe8 31. Qxa7 b6 32. Qb7 c6 33. Bb2
Rg5+ 34. Kh1 Qf8 35. f4 Nxf4 36. Qxc6 Rg6 37. Qf3 Re6 38. Bc4 Re3 39. Qc6 Ne2
40. Bxg7+ Kxg7 41. Bxe2 Kh8 42. Bc4 Qd8 43. Rg1 Re8 44. Bd5 Rf8 45. Qc3+ Qf6
46. Qxf6+ Rxf6 47. Rg8# {Hossa checkmated} 1-0

[Event "ICS rated blitz match"]
[Site "207.99.83.229"]
[Date "1999.07.17"]
[Round "?"]
[White "Hossa"]
[Black "GIRONA"]
[Result "1-0"]
[WhiteElo "2404"]
[BlackElo "2056"]
[PlyCount "61"]
[EventDate "1999.??.??"]

1. d4 Nf6 2. c4 g6 3. Nc3 Bg7 4. e4 O-O 5. Be3 d6 6. Qd2 Nc6 7. O-O-O a6 8. f3
Re8 9. Bh6 Bh8 10. Qg5 e5 11. d5 Nd4 12. Nge2 c5 13. dxc6 Nxc6 14. c5 Qa5 15.
cxd6 Be6 16. Kb1 Rac8 17. Ng3 Nd4 18. Rxd4 exd4 19. Qxa5 dxc3 20. bxc3 Nd7 21.
Ne2 Rc5 22. Qa3 Rec8 23. f4 Bxc3 24. Nxc3 Rxc3 25. Qb2 R8c6 26. f5 gxf5 27. Ka1
f6 28. exf5 Bxf5 29. Qe2 Ne5 30. Qf2 Kf7 31. Qxf5 {GIRONA resigns} 1-0

[Event "ICS rated blitz match"]
[Site "207.99.83.229"]
[Date "1999.07.17"]
[Round "?"]
[White "GIRONA"]
[Black "Hossa"]
[Result "0-1"]
[WhiteElo "2029"]
[BlackElo "2408"]
[PlyCount "90"]
[EventDate "1999.??.??"]

1. e4 Nf6 2. e5 Nd5 3. d4 d6 4. Nf3 dxe5 5. Nxe5 c6 6. Nd2 Be6 7. c3 Nd7 8.
Ndf3 Qb6 9. Bd3 Nxe5 10. Nxe5 O-O-O 11. O-O Nf6 12. Qe2 Qc7 13. Bf4 Nd5 14. Bg3
Rd6 15. Nc4 Nf6 16. Rfe1 Bxc4 17. Bxc4 e6 18. Bxd6 Bxd6 19. h3 Bh2+ 20. Kf1 h5
21. b4 h4 22. b5 Kb8 23. bxc6 Qxc6 24. Rab1 Ka8 25. Rec1 Rc8 26. Bd3 Qd5 27.
Rb5 Qd7 28. Rcb1 Rxc3 29. Be4 Nxe4 30. Qxe4 Rc1+ 31. Rxc1 Qxb5+ 32. Qe2 Qe8 33.
d5 g5 34. dxe6 fxe6 35. Re1 e5 36. Qe4 Qb5+ 37. Qe2 Qe8 38. Qc4 Qd8 39. a4 Bf4
40. Qc2 Qe8 41. Re4 Qf8 42. Rc4 Kb8 43. Ke2 Qe8 44. Qf5 Qd8 45. Kf3 45... Qd1+
{GIRONA resigns} 0-1

[Event "ICS rated blitz match"]
[Site "207.99.83.229"]
[Date "1999.07.17"]
[Round "?"]
[White "Hossa"]
[Black "RedBear"]
[Result "1/2-1/2"]
[WhiteElo "2411"]
[BlackElo "2483"]
[PlyCount "77"]
[EventDate "1999.??.??"]

1. d4 d5 2. c4 e6 3. Nc3 Nf6 4. cxd5 Nxd5 5. e4 Nxc3 6. bxc3 c5 7. Nf3 cxd4 8.
cxd4 Bb4+ 9. Bd2 Bxd2+ 10. Qxd2 O-O 11. Rc1 Nc6 12. Bb5 Bd7 13. O-O Ne5 14.
Nxe5 Bxb5 15. Rfe1 f6 16. Nf3 Qd7 17. Rc3 Rfc8 18. Rec1 Rxc3 19. Qxc3 Rd8 20.
e5 b6 21. exf6 gxf6 22. Qc2 Kh8 23. Qe4 Rc8 24. Rxc8+ Qxc8 25. Qf4 Kg7 26. Kh1
Qc4 27. a3 Qa4 28. Qg4+ Kf7 29. Qh5+ Kg8 30. Qg4+ Kf7 31. Qe4 Qd1+ 32. Ng1 Qd3
33. Qb7+ Kg6 34. Qb8 Qxd4 35. Qg8+ Kh6 36. Qf8+ Kg6 37. Qg8+ Kh6 38. Qf8+ Kg6
39. Qg8+ {Game drawn by repetition} 1/2-1/2

[Event "ICS rated blitz match"]
[Site "207.99.83.229"]
[Date "1999.07.17"]
[Round "?"]
[White "RedBear"]
[Black "Hossa"]
[Result "1-0"]
[WhiteElo "2480"]
[BlackElo "2414"]
[PlyCount "123"]
[EventDate "1999.??.??"]

1. e4 Nf6 2. e5 Nd5 3. d4 d6 4. Nf3 dxe5 5. Nxe5 c6 6. Be2 Nd7 7. Nf3 e6 8. c4
N5f6 9. O-O Bd6 10. Bg5 O-O 11. c5 Bb8 12. Qc2 Qc7 13. g3 Nd5 14. Nc3 Nxc3 15.
bxc3 f6 16. Bd2 Rd8 17. Qe4 Nf8 18. Bc4 Qd7 19. Rab1 Bc7 20. Rfe1 Ba5 21. Rb3
Qf7 22. Kg2 Qh5 23. Ra3 Bc7 24. Bf4 Bxf4 25. Qxf4 Ng6 26. Qc7 Re8 27. Nd2 Qg4
28. Be2 Qf5 29. Kg1 Rf8 30. Nc4 Qc2 31. Nd6 Qd2 32. Kf1 Qb2 33. Rb3 Qxa2 34.
Bc4 b5 35. Rxb5 Qxc4+ 36. Nxc4 cxb5 37. Nd6 e5 38. d5 Bh3+ 39. Ke2 a6 40. Ra1
e4 41. Qb7 Bc8 42. Nxc8 Rfxc8 43. Rxa6 Rab8 44. Qd7 Nf8 45. Qe7 Re8 46. Qc7
Rbc8 47. Qb7 Rb8 48. Qa7 Rbd8 49. Rb6 Re5 50. Rb7 Rg5 51. d6 h6 52. h4 Rg6 53.
Rb8 Rxb8 54. Qxb8 Kf7 55. c6 f5 56. d7 Nxd7 57. cxd7 Re6 58. h5 e3 59. f3 Re4
60. d8=Q Re7 61. Qdd6 b4 62. Qg6# {Hossa checkmated} 1-0

[Event "ICS rated blitz match"]
[Site "207.99.83.229"]
[Date "1999.07.17"]
[Round "?"]
[White "Hossa"]
[Black "shally"]
[Result "1-0"]
[WhiteElo "2401"]
[BlackElo "2266"]
[PlyCount "69"]
[EventDate "1999.??.??"]

1. d4 Nf6 2. c4 c5 3. d5 e6 4. Nc3 exd5 5. cxd5 d6 6. Nf3 g6 7. Nd2 Bg7 8. e4
O-O 9. Be2 a6 10. a4 Re8 11. O-O Nbd7 12. Nc4 Nb6 13. Bg5 Nxc4 14. Bxc4 Qc7 15.
Bd3 b6 16. a5 b5 17. Qf3 Nd7 18. Qg3 c4 19. Bc2 Nc5 20. Bf4 Be5 21. Bxe5 Rxe5
22. f4 Re8 23. Qf3 b4 24. Ne2 Qe7 25. e5 h5 26. Rae1 Bg4 27. Qf2 Qa7 28. Nd4
Bd7 29. f5 dxe5 30. fxg6 f5 31. Bxf5 exd4 32. Bxd7 Qxd7 33. Qf7+ Kh8 34. g7+
Kh7 35. g8=Q+ {shally resigns} 1-0

[Event "ICS rated blitz match"]
[Site "207.99.83.229"]
[Date "1999.07.17"]
[Round "?"]
[White "Hossa"]
[Black "mccartney"]
[Result "1-0"]
[WhiteElo "2411"]
[BlackElo "2119"]
[PlyCount "49"]
[EventDate "1999.??.??"]

1. d4 Nf6 2. c4 e6 3. Nc3 Bb4 4. Bg5 h6 5. Bh4 c5 6. d5 d6 7. Rc1 b5 8. dxe6
Bxe6 9. Bxf6 Qxf6 10. Qxd6 bxc4 11. e4 Nd7 12. Nf3 Rd8 13. Be2 Nb6 14. Qg3 O-O
15. e5 Qe7 16. O-O Bxc3 17. bxc3 Bd5 18. Nh4 Be4 19. Rfd1 Rxd1+ 20. Rxd1 Rd8
21. Rd6 Kh8 22. Qg4 Bd3 23. Bxd3 cxd3 24. Nf5 Rxd6 25. Qxg7# {
mccartney checkmated} 1-0

[Event "ICS rated blitz match"]
[Site "207.99.83.229"]
[Date "1999.07.17"]
[Round "?"]
[White "RedBear"]
[Black "Hossa"]
[Result "1-0"]
[WhiteElo "2487"]
[BlackElo "2416"]
[PlyCount "79"]
[EventDate "1999.??.??"]

1. e4 Nf6 2. e5 Nd5 3. d4 d6 4. Nf3 dxe5 5. Nxe5 c6 6. Be2 Nd7 7. Nf3 e6 8. c4
N5f6 9. O-O Bd6 10. Bg5 O-O 11. c5 Bb8 12. Qc2 Qc7 13. g3 Nd5 14. Nc3 Nxc3 15.
bxc3 f6 16. Be3 Rd8 17. Qe4 Nf8 18. Bc4 Qa5 19. Bd2 Qa4 20. Bb3 Qa3 21. Ne1 Kh8
22. Nd3 Ng6 23. Rfb1 e5 24. Bf7 Ne7 25. g4 Rf8 26. Bc4 f5 27. gxf5 Bxf5 28. Qh4
Ng6 29. Qh5 exd4 30. Rxb7 dxc3 31. Bh6 gxh6 32. Qxh6 Bc7 33. Rxc7 Ne7 34. Rxe7
Rg8+ 35. Bxg8 Rxg8+ 36. Kh1 Bg6 37. Qf4 Qc1+ 38. Nxc1 Bf7 39. Qxf7 Re8 40.
Rxe8# {Hossa checkmated} 1-0